000 00573pab a2200193 454500
008 180718b2006 xxu||||| |||| 00| 0 eng d
100 _aSwianiewicz, Pawel
245 _aPoland and Ukraine: contrasting paths of decentralisation and territorial reform
260 _c2006
300 _ap.599-622.
362 _aNov
650 _aDecentralization - Ukraine
650 _aDecentralization - Poland
650 _aLocal government - Ukraine
650 _aLocal government - Poland
650 _aLocal government
773 _aLocal Government Studies
909 _a72778
999 _c72778
_d72778